• 首页
  • 本馆介绍
  • 公告通知
  • 最新文献
  • 馆藏检索
  • 电子资源
  • 读者导购
  • 参考咨询
  • 我的图书馆
  • 登录
  • 详细信息显示
  • 放入我的书架
  • 预约/预借图书
  • 作者相关作品
  • 分类相关作品
  • 丛书相关作品
  • 出版社相关作品

书目信息

  • 表格格式
  • 工作单格式
  • 卡片格式
题名:
中国传统人伦关系的现代诠释
    
 
作者: 汪文学, 著
分册:  
出版信息: 贵阳   贵州人民出版社  2019.04
页数: 358页
开本: 24cm
丛书名: 汪文学学术作品集
单 册:
中图分类: B82-092
科图分类:
主题词: 伦理学--lun li xue--研究--中国
电子资源:
ISBN: 978-7-221-15147-6
000 01147nam 2200277 450
001 CAL 0120192768024
005 20230217093111.0
010    @a978-7-221-15147-6@b精装@dCNY95.00
100    @a20190522d2019 em y0chiy0120 ea
101 0  @achi
102    @aCN@b520000
105    @ay a 000yy
106    @ar
200 1  @a中国传统人伦关系的现代诠释@Azhong guo chuan tong ren lun guan xi de xian dai quan shi@f汪文学著
210    @a贵阳@c贵州人民出版社@d2019.04
215    @a358页@d24cm
225 2  @a汪文学学术作品集@Awang wen xue xue shu zuo pin ji
314    @a汪文学, 男, 1970年生, 苗族, 贵州思南人, 文学博士, 教授。
320    @a有书目
330    @a本书探讨传统中国下层民间社会秩序, 有诸多视角可供选择, 本书作者从传统人伦关系的视角, 探讨传统中国社会的民间秩序, 意在通过人伦关系的现代诠释, 揭示传统民间社会诸多隐而不显的人伦现状, 或者是被道德家有意掩饰的人伦关系的真面目, 从而展示民间社会秩序的真实状态。
410  0 @12001 @a汪文学学术作品集
606 0  @a伦理学@Alun li xue@x研究@y中国
690    @aB82-092@v5
701  0 @a汪文学,@Awang wen xue@f1970-@4著
801  0 @aCN@bBJXHZP@c20230222
905    @b1393069-72@dB82-092@e1909@f4
    
    中国传统人伦关系的现代诠释/汪文学著.-贵阳:贵州人民出版社,2019.04
    358页;24cm.-(汪文学学术作品集)
    
    
    ISBN 978-7-221-15147-6(精装):CNY95.00
    本书探讨传统中国下层民间社会秩序, 有诸多视角可供选择, 本书作者从传统人伦关系的视角, 探讨传统中国社会的民间秩序, 意在通过人伦关系的现代诠释, 揭示传统民间社会诸多隐而不显的人伦现状, 或者是被道德家有意掩饰的人伦关系的真面目, 从而展示民间社会秩序的真实状态。
●
相关链接 在E读中查询图书 在五车中查询图书 在当当中查询图书 在豆瓣中查询图书


正题名:中国传统人伦关系的现代诠释     索取号:B82-092/1909         预约/预借

序号 登录号 条形码 馆藏地/架位号 状态 备注
1 1393069   213930692   第一样本阅览室/ [索取号:B82-092/1909] 在馆    
2 1393070   213930709   第一借阅区/ [索取号:B82-092/1909] 在馆    
3 1393071   213930718   第一借阅区/ [索取号:B82-092/1909] 在馆    
4 1393072   213930727   第一借阅区/ [索取号:B82-092/1909] 在馆    
唐山师范学院图书馆 欢迎您!
大连网信软件有限公司© 版权所有